<?xml version="1.0" encoding="UTF-8"?>
<record
    xmlns:xsi="http://www.w3.org/2001/XMLSchema-instance"
    xsi:schemaLocation="http://www.loc.gov/MARC21/slim http://www.loc.gov/standards/marcxml/schema/MARC21slim.xsd"
    xmlns="http://www.loc.gov/MARC21/slim">

  <leader>01815nam a22003737a 4500</leader>
  <controlfield tag="003">OSt</controlfield>
  <controlfield tag="005">20230302164904.0</controlfield>
  <controlfield tag="008">221006b        |||||||| |||| 00| 0 eng d</controlfield>
  <datafield tag="040" ind1=" " ind2=" ">
    <subfield code="c">Biblioteca Lado V</subfield>
  </datafield>
  <datafield tag="082" ind1=" " ind2=" ">
    <subfield code="a">320</subfield>
    <subfield code="b">M743c</subfield>
  </datafield>
  <datafield tag="100" ind1=" " ind2=" ">
    <subfield code="9">782</subfield>
    <subfield code="a">Monge, Luis Alberto</subfield>
    <subfield code="e">director</subfield>
  </datafield>
  <datafield tag="245" ind1=" " ind2=" ">
    <subfield code="a">Combate/</subfield>
    <subfield code="b">Homenaje a la Revoluci&#xF3;n Mexicana/</subfield>
  </datafield>
  <datafield tag="260" ind1=" " ind2=" ">
    <subfield code="b">Instituto Internacional de Educaci&#xF3;n Pol&#xED;tica</subfield>
    <subfield code="c">1960</subfield>
    <subfield code="a">San Jose, Costa Rica</subfield>
  </datafield>
  <datafield tag="300" ind1=" " ind2=" ">
    <subfield code="c">18x25cm</subfield>
    <subfield code="a">119p.</subfield>
  </datafield>
  <datafield tag="490" ind1=" " ind2=" ">
    <subfield code="a">13</subfield>
  </datafield>
  <datafield tag="505" ind1=" " ind2=" ">
    <subfield code="t">Nuestro Homenaje a la Revoluci&#xF3;n Mexicana </subfield>
    <subfield code="r">Norman Thomas </subfield>
  </datafield>
  <datafield tag="505" ind1=" " ind2=" ">
    <subfield code="t">Presentaci&#xF3;n de la Edici&#xF3;n </subfield>
  </datafield>
  <datafield tag="505" ind1=" " ind2=" ">
    <subfield code="t">Presencia de Dn. Adolfo Lopez Mateos</subfield>
  </datafield>
  <datafield tag="505" ind1=" " ind2=" ">
    <subfield code="r">Fidel Velazquez</subfield>
    <subfield code="t">La Conjura Comunista</subfield>
  </datafield>
  <datafield tag="505" ind1=" " ind2=" ">
    <subfield code="r">Alfonso Teja Zabre</subfield>
    <subfield code="t">Proceso Hist&#xF3;rico de Mexico: Independencia Reforma, Revoluci&#xF3;n </subfield>
  </datafield>
  <datafield tag="505" ind1=" " ind2=" ">
    <subfield code="r">Luis Quintanilla</subfield>
    <subfield code="t">Proyecci&#xF3;n Internacional de la Revoluci&#xF3;n Mexicana </subfield>
  </datafield>
  <datafield tag="505" ind1=" " ind2=" ">
    <subfield code="r">Agustin Cue Canovas </subfield>
    <subfield code="t">El Aspecto Social de la Revoluci&#xF3;n Mexicana </subfield>
  </datafield>
  <datafield tag="505" ind1=" " ind2=" ">
    <subfield code="r">Rosendo Salazar</subfield>
    <subfield code="t">El Movimiento Sindical de Mexico </subfield>
  </datafield>
  <datafield tag="505" ind1=" " ind2=" ">
    <subfield code="r">Francisco J. Macin </subfield>
    <subfield code="t">La Seguridad Social Mexico </subfield>
  </datafield>
  <datafield tag="505" ind1=" " ind2=" ">
    <subfield code="t">La Evoluci&#xF3;n de la Reforma Agraria</subfield>
    <subfield code="r">Roberto Barrios</subfield>
  </datafield>
  <datafield tag="505" ind1=" " ind2=" ">
    <subfield code="t">La Emancipaci&#xF3;n de la Poblaci&#xF3;n Ind&#xED;gena </subfield>
    <subfield code="r">Miguel Leon Barrios </subfield>
  </datafield>
  <datafield tag="505" ind1=" " ind2=" ">
    <subfield code="t">La Mujer en la Historia de Mexico</subfield>
    <subfield code="r">Laura Palavicini</subfield>
  </datafield>
  <datafield tag="505" ind1=" " ind2=" ">
    <subfield code="t">Din&#xE1;mica de la Econom&#xED;a Mexicana: de la Reforma Agraria a la Revoluci&#xF3;n Industrial </subfield>
    <subfield code="r">Edmundo Flores</subfield>
  </datafield>
  <datafield tag="505" ind1=" " ind2=" ">
    <subfield code="t">Los Problemas de la Industrializaci&#xF3;n de Mexico </subfield>
    <subfield code="r">Jose Domingo Lavin</subfield>
  </datafield>
  <datafield tag="650" ind1=" " ind2=" ">
    <subfield code="2">Tesauro de Arte &amp; Arquitectura</subfield>
    <subfield code="a">CIENCIAS POLITICAS</subfield>
    <subfield code="9">703</subfield>
  </datafield>
  <datafield tag="650" ind1=" " ind2=" ">
    <subfield code="2">Tesauro de Arte &amp; Arquitectura</subfield>
    <subfield code="a">POLITICA CENTROAMERICANA</subfield>
  </datafield>
  <datafield tag="650" ind1=" " ind2=" ">
    <subfield code="2">Tesauro de Arte &amp; Arquitectura</subfield>
    <subfield code="a">PUBLICACION SERIADA</subfield>
  </datafield>
  <datafield tag="942" ind1=" " ind2=" ">
    <subfield code="2">ddc</subfield>
    <subfield code="c">1</subfield>
    <subfield code="h">320</subfield>
    <subfield code="i">M743c</subfield>
    <subfield code="n">0</subfield>
    <subfield code="e">Especial</subfield>
  </datafield>
  <datafield tag="999" ind1=" " ind2=" ">
    <subfield code="c">3135</subfield>
    <subfield code="d">3135</subfield>
  </datafield>
</record>
